Multiplicación vegetativa y cultivo in vitro: los meristemos y la organogénesis

Spremljeno u:
Bibliografski detalji
Glavni autor: Margara, Jacques (autor)
Format: Knjiga
Jezik:španjolski
Izdano: Madrid Mundi-Prensa 1988
Teme:
Oznake: Dodaj oznaku
Bez oznaka, Budi prvi tko označuje ovaj zapis!

MARC

LEADER 00000nam a2200000 a 4500
001 UCV7238
003 CL-VaPUC
005 20240812145040.0
008 900418e19880000SP |||||||||||||||||spa|d
999 |c 212948  |d 212946 
040 |c Pontificia Universidad Católica de Valparaíso 
082 0 4 |a 581.3  |b MAR  |2 21 
100 |a Margara, Jacques  |e autor  |9 301284 
245 1 0 |a Multiplicación vegetativa y cultivo in vitro: los meristemos y la organogénesis 
260 |a Madrid  |b Mundi-Prensa  |c 1988 
300 |a 232 p 
583 |a last modification  |c 19900418 00:00:00  |k Rodrigo Vera 
650 7 |a Cultivo in vitro   |x Plantas  |x Reproducción  |2 CL-VaPUC  |9 264393 
650 7 |a Propagación  |2 CL-VaPUC  |9 301285 
942 |c BK  |2 ddc 
945 |d 19900418 00:00:00 
952 |0 0  |1 0  |4 0  |6 581_300000000000000_MAR_1988  |7 0  |8 A  |9 194833  |a BIBAGR  |b BIBAGR  |d 2019-11-14  |i 3399877  |l 2  |o 581.3 MAR 1988  |p 3399877  |r 2025-01-20  |s 2024-03-22  |w 2019-11-14  |y BK  |k AGR